000 00565nam a22001577a 4500
003 OSt
005 20151101152053.0
008 151101b xxu||||| |||| 00| 0 eng d
040 _cRUA
082 _aFOR ហុង 1991 B116 Or.1
100 _93152
_aហុង ណារិត
245 _aសុវុឌ្ឍិកម្មព្រៃគុបឆ្នាំ ១៩៨៧ អនុតំបន់២៥ នៅស្រុកស្នួល ខេត្តក្រចេះ
260 _aPhnom Penh
_bRUA
_c1991
300 _a80p.
_bill.
_c29cm.
942 _2ddc
_cFOR
999 _c2940
_d2940